000 00220nam a22001097a 4500
020 _a1-85627-250-8
082 _a821
_bWOR/P
100 _aWORDSWORTH
245 _aA POCKET POET WORDS WORTH
650 _aPOEMS
942 _cBK
999 _c4002
_d4002